00669nam a2200205Ia 4500008004100000020001500041041000800056082001500064100001000079245004700089260003900136300000900175440001000184500004200194650002500236700001000261906000800271999001700279952016700296230125s9999 xx 000 0 und d a8189410105 aeng a658.8bICF aICFAI aCase Studies in Services Marketing : Vol 1 c2006bICFAI publicationaHyderabad a225p aICFAI aServices marketing;ICFAI Case Studies aMarketing Management aICFAI b112 c85082d85082 00104070aHIMRbHIMRd2006-10-05eICFAI pressg750.00iINVOICE/MNIMR/094l0o658.8 ICF B05510pHIMR-BK-5510r2023-01-25 00:00:00v638.00w2006-10-05yBKzB05510